Vilka länder ligger i norden? - Statistics

General Stats
  • This quiz has been taken 574 times
  • The average score is 7 of 8
Answer Stats
Hint Answer % Correct
Norden Norge
100%
Norden Sverige
100%
Norden Danmark
99%
Norden Finland
99%
Norden Island
99%
Norden Grönland
68%
Norden Färöarna
60%
Norden Åland
56%
No matching quizzes found
Score Distribution
Percent of People with Each Score
Percentile by Number Answered
Your Score History
You have not taken this quiz